Dân ca các dân tộc thiểu số Việt Nam : Dân ca trữ tình sinh hoạt

Sách giới thiệu các bài dân ca trữ tình sinh hoạt phần tiếp theo quyển 1 về quan hệ xã hội và tình yêu lứa đôi.

Salvato in:
Dettagli Bibliografici
Autore principale: Trần, Thị An
Natura: Libro
Lingua:Undetermined
Pubblicazione: Hà Nội Khoa học - Xã hội 2015
Soggetti:
Tags: Aggiungi Tag
Nessun Tag, puoi essere il primo ad aggiungerne! !
Thư viện lưu trữ: Trung tâm Học liệu Trường Đại học Cần Thơ
LEADER 00969nam a2200229Ia 4500
001 CTU_209453
008 210402s9999 xx 000 0 und d
082 |a 781.629592 
082 |b A105/Q.2 
100 |a Trần, Thị An 
245 0 |a Dân ca các dân tộc thiểu số Việt Nam : 
245 0 |b Dân ca trữ tình sinh hoạt 
245 0 |c Trần Thị An (Chủ biên) ; Vũ Quang Dũng (Biên soạn) 
260 |a Hà Nội 
260 |b Khoa học - Xã hội 
260 |c 2015 
520 |a Sách giới thiệu các bài dân ca trữ tình sinh hoạt phần tiếp theo quyển 1 về quan hệ xã hội và tình yêu lứa đôi. 
650 |a Âm nhạc dân gian,Folk music 
650 |x Lịch sử và phê bình,History and criticism 
650 |z Việt Nam,Vietnam 
904 |i Trương Thủy Ly,Hải 
980 |a Trung tâm Học liệu Trường Đại học Cần Thơ